Statystyki dla Miasta w Polsce zakończone na -ko na mapie

Kliknij tutaj aby rozwiązać quiz!

Ogólne statystyki

  • Ten quiz został rozwiązany 64 razy
    (18 od ostatniego zresetowania)
  • Średni wynik to 9 z 21

Odpowiedzi na mapie

Odpowiedzi skodowane kolorowo w zielono-czerwonej skali na mapie do tego quizu, zgodnie z poniższymi procentami.
 

Statystyki odpowiedzi

WojewództwoMiasto% Poprawnych
ŁódzkieRadomsko
82%
MałopolskieBrzesko
76%
DolnośląskieKłodzko
76%
PodkarpackieNisko
71%
Warmińsko-mazurskieGiżycko
59%
PodkarpackieLesko
59%
Warmińsko-mazurskieOlecko
59%
LubuskieDrezdenko
47%
LubuskieLubsko
47%
Warmińsko-mazurskieTolkmicko
47%
MazowieckieLipsko
41%
PomorskieMiastko
41%
PodkarpackieDubiecko
35%
ZachodniopomorskieIńsko
29%
WielkopolskieKłecko
29%
WielkopolskieMieścisko
29%
MałopolskieNowe Brzesko
29%
LubuskieNowe Miasteczko
24%
WielkopolskieObrzycko
24%
ZachodniopomorskieResko
24%
MazowieckieJedlnia-Letnisko
18%

Rozkład punktacji

Percentyl według liczby udzielonych odpowiedzi

Procent ludzi z każdym wynikiem

Twoja historia wyników

Nie rozwiązałeś tego quizu od ostatniego zresetowania